000 00472nam a2200181Ia 4500
001 14849
005 20260306164944.0
008 260306t2016||||xx |||||||||||||| ||spa||
041 _aESP
082 _a519.5
_bA66
100 _aAragón Salgado, Luz Gricel
_eAUT
245 0 _aEstadística en el área de las ciencias sociales y administrativas
260 _c2016
300 _a470 páginas :
_c24 cm.
650 _aGEN
654 _aCII
942 _cLIB
_dJUS
_fJUS
_2ddc
_n
999 _c14849
_d14849